[Event "65th ch-RUS HL w 2015"]
[Site "Kaliningrad RUS"]
[Date "2015.06.22"]
[Round "1.1"]
[White "Kovalevskaya, Ekaterina"]
[Black "Diakonova, Ekaterina"]
[Result "1-0"]
[WhiteTitle "IM"]
[WhiteElo "2461"]
[BlackElo "2214"]
[WhiteFideId "4116704"]
[BlackFideId "24172936"]
[EventDate "2015.06.22"]

1. Nf3 Nf6 2. g3 g6 3. Bg2 Bg7 4. O-O O-O 5. d4 d6 6. Re1 Nc6 7. d5 Nb4 8. e4 e6
9. a3 Na6 10. dxe6 Bxe6 11. Nc3 Nc5 12. Bf4 Re8 13. Qd2 a5 14. Rad1 a4 15. h3
Qc8 16. Kh2 Ra6 17. Bh6 Bh8 18. Ng5 Rb6 19. Rb1 Bd7 20. f4 Bc6 21. e5 Nfd7 22.
Nd5 dxe5 23. Nxb6 Nxb6 24. Bxc6 bxc6 25. fxe5 Ne6 26. Qf2 Nxg5 27. Bxg5 Bxe5 28.
Bf4 f6 29. Bxe5 fxe5 30. Re4 Qf5 31. Rf1 Qe6 32. Qe2 Kg7 33. Re1 Nd7 34. Qc4 Qd6
35. R4e2 Nf6 36. Qxa4 e4 37. Qb3 Re5 38. Qc3 Rc5 39. Qd2 Rd5 40. Qf4 Qe7 41. g4
h6 42. Rf1 g5 43. Qg3 c5 44. Ref2 Rd6 45. Qc3 e3 46. Rxf6 Rxf6 47. Qxf6+ Qxf6
48. Rxf6 Kxf6 49. Kg3 1-0

[Event "65th ch-RUS HL w 2015"]
[Site "Kaliningrad RUS"]
[Date "2015.06.22"]
[Round "1.2"]
[White "Belenkaya, Dina"]
[Black "Kashlinskaya, Alina"]
[Result "1/2-1/2"]
[WhiteTitle "WFM"]
[BlackTitle "IM"]
[WhiteElo "2213"]
[BlackElo "2432"]
[WhiteFideId "24142654"]
[BlackFideId "4198026"]
[EventDate "2015.06.22"]

1. e4 Nf6 2. e5 Nd5 3. d4 d6 4. Nf3 g6 5. Be2 Bg7 6. O-O O-O 7. Re1 Nc6 8. exd6
cxd6 9. Na3 a6 10. c4 Nc7 11. d5 Ne5 12. Nd4 e6 13. f4 exd5 14. fxe5 dxe5 15.
Nb3 d4 16. c5 e4 17. Nc4 d3 18. Bf1 f5 19. Bf4 Be6 20. Bxd3 exd3 21. Bxc7 Qxc7
22. Rxe6 Qf7 23. Qe1 Rae8 24. Rxe8 Rxe8 25. Qb4 Re2 26. Nd6 Qd5 27. Qc4 Rxg2+
28. Kh1 Qxc4 29. Nxc4 Rc2 30. Rc1 Bh6 31. Rxc2 dxc2 32. Nd6 c1=Q+ 33. Nxc1 Bxc1
34. Nxb7 Bxb2 35. c6 Be5 36. Nd8 a5 37. Ne6 Kf7 38. c7 Bxc7 39. Nxc7 Ke7 40.
Nd5+ Kd6 41. Nf6 h6 42. a4 Ke6 43. Ne8 Ke7 44. Nc7 Kd6 45. Na6 g5 46. Kg2 h5 47.
Kf3 h4 48. h3 Kd5 49. Nb8 Kc5 50. Nd7+ Kb4 51. Nb6 Kb3 52. Ke3 g4 53. hxg4 fxg4
54. Kf4 g3 55. Kf3 Kb4 56. Kg2 Kc5 57. Nc8 1/2-1/2

[Event "65th ch-RUS HL w 2015"]
[Site "Kaliningrad RUS"]
[Date "2015.06.22"]
[Round "1.3"]
[White "Bodnaruk, Anastasia"]
[Black "Zherebtsova, Alexandra"]
[Result "1-0"]
[WhiteTitle "IM"]
[BlackTitle "WFM"]
[WhiteElo "2428"]
[BlackElo "2213"]
[WhiteFideId "4181751"]
[BlackFideId "24129518"]
[EventDate "2015.06.22"]

1. e4 e5 2. Nf3 Nc6 3. Bb5 a6 4. Ba4 Nf6 5. O-O Be7 6. Re1 b5 7. Bb3 O-O 8. h3
d6 9. c3 Na5 10. Bc2 c5 11. d4 Nd7 12. Nbd2 exd4 13. cxd4 Nc6 14. d5 Nce5 15.
Nxe5 Nxe5 16. f4 Ng6 17. Nf3 Bh4 18. Nxh4 Qxh4 19. f5 Ne5 20. Rf1 Re8 21. Kh2
Nd7 22. Bf4 Qe7 23. g4 f6 24. Rg1 Ra7 25. Rg3 Ne5 26. g5 fxg5 27. Bxg5 Qf8 28.
b3 Rf7 29. Qh5 Kh8 30. Rag1 Bd7 31. Kh1 b4 32. Qh4 Bb5 33. Bd1 Rc7 34. Bh5 Rb8
35. f6 g6 36. Bd1 Qf7 37. Bf4 Be8 38. Rg5 Qxf6 39. Rxg6 Qxg6 40. Rxg6 Bxg6 41.
Qf6+ Rg7 42. Bh6 Bxe4+ 43. Kh2 Rg8 44. Bg4 Nf7 45. Bxg7+ Rxg7 46. Be6 Bg6 47.
Bxf7 Bxf7 48. Qxd6 h5 49. Qe5 1-0

[Event "65th ch-RUS HL w 2015"]
[Site "Kaliningrad RUS"]
[Date "2015.06.22"]
[Round "1.4"]
[White "Drogovoz, Irina"]
[Black "Savina, Anastasia"]
[Result "0-1"]
[BlackTitle "IM"]
[WhiteElo "2187"]
[BlackElo "2422"]
[WhiteFideId "4176715"]
[BlackFideId "4196872"]
[EventDate "2015.06.22"]

1. d4 f5 2. Nf3 Nf6 3. c4 e6 4. g3 c6 5. Bg2 d5 6. O-O Bd6 7. b3 Qe7 8. Ne5 O-O
9. Bb2 b6 10. Nd2 Bb7 11. Ndf3 a5 12. Rc1 Ne4 13. Nd3 Nd7 14. Nfe5 Nxe5 15. dxe5
Bb4 16. f3 Nc5 17. Nf4 dxc4 18. Rxc4 Rfd8 19. Qb1 Ba6 20. Rc2 a4 21. bxa4 Nxa4
22. Ba1 c5 23. g4 Bd2 24. Rxd2 Rxd2 25. gxf5 Qg5 26. Nxe6 Qe3+ 27. Kh1 Bxe2 28.
Re1 Qf2 29. Ng5 Bd3 0-1

[Event "65th ch-RUS HL w 2015"]
[Site "Kaliningrad RUS"]
[Date "2015.06.22"]
[Round "1.5"]
[White "Guseva, Marina"]
[Black "Averchenko, Ekaterina"]
[Result "1-0"]
[WhiteTitle "IM"]
[BlackTitle "WFM"]
[WhiteElo "2410"]
[BlackElo "2184"]
[WhiteFideId "4149351"]
[BlackFideId "4152662"]
[EventDate "2015.06.22"]

1. d4 f5 2. c4 Nf6 3. Nc3 g6 4. h4 Bg7 5. h5 Nxh5 6. e4 Nf6 7. e5 Ne4 8. Nxe4
fxe4 9. Qc2 Nc6 10. Qxe4 d5 11. Qf4 dxc4 12. Be3 Nb4 13. Rc1 Be6 14. a3 Nd3+ 15.
Bxd3 cxd3 16. Qe4 Qd5 17. Qxd5 Bxd5 18. f3 O-O-O 19. Nh3 b6 20. Nf4 Kb7 21. b4
c6 22. Nxd3 Ra8 23. Bh6 Bxh6 24. Rxh6 a5 25. Rc3 Be6 26. g4 axb4 27. Nxb4 Bd5
28. Kf2 e6 29. Kg3 Raf8 30. Nxd5 cxd5 31. Rc2 Ra8 32. Rch2 Rxa3 33. Rxh7+ Rxh7
34. Rxh7+ Kc8 35. Re7 b5 36. Rxe6 Kc7 37. Rd6 b4 38. Rxd5 b3 39. Rb5 Kc6 40. Rb4
g5 41. e6 Kd6 42. Rb5 b2 43. Rxb2 Kxe6 44. Rb5 Kf6 45. Rf5+ Kg6 46. Kf2 Rb3 47.
Ke2 Ra3 48. d5 Rb3 49. d6 Rb2+ 50. Ke3 Rb3+ 51. Ke4 Rb8 52. Kd5 1-0

[Event "65th ch-RUS HL w 2015"]
[Site "Kaliningrad RUS"]
[Date "2015.06.22"]
[Round "1.6"]
[White "Baraeva, Marina"]
[Black "Charochkina, Daria"]
[Result "1-0"]
[WhiteTitle "WIM"]
[BlackTitle "IM"]
[WhiteElo "2182"]
[BlackElo "2398"]
[WhiteFideId "24142573"]
[BlackFideId "4180917"]
[EventDate "2015.06.22"]

1. d4 e6 2. c4 c5 3. Nf3 cxd4 4. Nxd4 Nf6 5. Nc3 Nc6 6. e4 Bb4 7. Nxc6 bxc6 8.
Bd3 e5 9. Qc2 O-O 10. O-O h6 11. Bd2 d6 12. a3 Bc5 13. b4 Bd4 14. Rab1 Be6 15.
Ne2 Bb6 16. Bc3 Re8 17. Rbd1 Qe7 18. Ng3 a5 19. h3 Nd7 20. Qd2 axb4 21. axb4 Qh4
22. Kh2 Nf8 23. f4 exf4 24. Rxf4 Qg5 25. h4 Qe7 26. Nh5 f6 27. Bxf6 gxf6 28.
Nxf6+ Kh8 29. Rf3 Qg7 30. e5 h5 31. Rg3 Bg4 32. Nxh5 Qxe5 33. Qh6+ Kg8 34. Nf6+
Kf7 35. Nxg4 Qe6 36. Rf1+ Ke7 37. Qxe6+ Nxe6 38. Nh6 Rf8 39. Nf5+ Kd7 40. h5 d5
41. cxd5 cxd5 42. Bb5+ Kc7 43. Rg6 Rh8 44. Rxe6 Rxh5+ 45. Kg3 Ra3+ 46. Kg4 Rh2
47. Rc1+ 1-0

[Event "65th ch-RUS HL w 2015"]
[Site "Kaliningrad RUS"]
[Date "2015.06.22"]
[Round "1.8"]
[White "Khokhlova, Daria"]
[Black "Kovanova, Baira"]
[Result "0-1"]
[BlackTitle "WGM"]
[WhiteElo "2160"]
[BlackElo "2388"]
[WhiteFideId "24182729"]
[BlackFideId "4164083"]
[EventDate "2015.06.22"]

1. d4 Nf6 2. c4 e6 3. g3 c5 4. d5 exd5 5. cxd5 d6 6. Nc3 g6 7. Bg2 Bg7 8. Nf3
O-O 9. O-O Re8 10. Nd2 a6 11. a4 Nbd7 12. h3 Rb8 13. Nc4 Ne5 14. Na3 Nh5 15. Kh2
f5 16. f4 Nf7 17. Nc4 b5 18. axb5 axb5 19. Na5 Qc7 20. Nc6 b4 21. Nb1 Rb6 22.
Nd2 Ba6 23. Re1 Nf6 24. e4 fxe4 25. Nxe4 Nxe4 26. Bxe4 Qd7 27. Bf3 Nh6 28. Re6
Nf5 29. Qe1 Rf8 30. g4 Nd4 31. Nxd4 Bxd4 32. Re7 Qc8 33. Qh4 Bg7 34. Bd2 Qd8 35.
Rae1 Rb7 36. f5 Rxe7 37. Rxe7 Be5+ 38. Kg2 Rf7 39. Bg5 Rxe7 40. Bxe7 Qe8 41. f6
Qb5 42. Qf2 Kf7 43. g5 Qc4 44. Bg4 Qxd5+ 45. Bf3 Qd3 46. Bc6 Bc4 47. Qe1 Qc2+
48. Qf2 b3 49. Ba4 Bd5+ 0-1

[Event "65th ch-RUS HL w 2015"]
[Site "Kaliningrad RUS"]
[Date "2015.06.22"]
[Round "1.9"]
[White "Matveeva, Svetlana"]
[Black "Avdeenko, Tatiana"]
[Result "1-0"]
[WhiteTitle "IM"]
[BlackTitle "WFM"]
[WhiteElo "2366"]
[BlackElo "2158"]
[WhiteFideId "4119827"]
[BlackFideId "4177452"]
[EventDate "2015.06.22"]

1. d4 d6 2. Nf3 Nf6 3. g3 g6 4. Bg2 Bg7 5. O-O O-O 6. c4 Bf5 7. b3 Nc6 8. Bb2 e5
9. dxe5 Ng4 10. Nc3 Ngxe5 11. Qd2 Re8 12. Rad1 Nxf3+ 13. Bxf3 Nd4 14. Bg2 Bg4
15. f3 Bd7 16. Ne4 Ne6 17. Bxg7 Kxg7 18. c5 Bc6 19. Qc3+ f6 20. cxd6 Rf8 21. Bh3
Qe8 22. Bxe6 Qxe6 23. Nc5 Qf7 24. dxc7 Rac8 25. Rd6 Rfe8 26. e4 Rxc7 27. Rfd1
Ree7 28. Qd4 Bb5 29. Rd2 b6 30. Nd3 Rcd7 31. Nf4 Rxd6 32. Qxd6 Rd7 33. Ne6+ Kh6
34. Qf4+ g5 35. Rxd7 Qxe6 36. Rd6 gxf4 37. Rxe6 fxg3 38. hxg3 1-0

[Event "65th ch-RUS HL w 2015"]
[Site "Kaliningrad RUS"]
[Date "2015.06.22"]
[Round "1.10"]
[White "Alekseeva, Irina"]
[Black "Bivol, Alina"]
[Result "0-1"]
[BlackTitle "WIM"]
[WhiteElo "2154"]
[BlackElo "2354"]
[WhiteFideId "24178683"]
[BlackFideId "4100123"]
[EventDate "2015.06.22"]

1. e4 e6 2. d4 d5 3. Nd2 Nc6 4. Ngf3 Nf6 5. e5 Nd7 6. c4 dxc4 7. Nxc4 Nb6 8.
Nxb6 axb6 9. Bc4 Na5 10. b3 Bb4+ 11. Kf1 Nxc4 12. bxc4 Qd7 13. Qb3 Qa4 14. Bb2
Bd7 15. h3 Bc6 16. Kg1 Qxb3 17. axb3 Rxa1+ 18. Bxa1 Ke7 19. Kh2 Ra8 20. Rc1 Ra3
21. d5 exd5 22. cxd5 Bxd5 23. Rxc7+ Kd8 24. Rc1 Bxf3 25. gxf3 Rxb3 26. Bd4 Bc5
27. Bxc5 bxc5 28. Rxc5 Rxf3 29. Kg2 Rb3 30. f3 Kd7 31. Kg3 b6 32. Rc4 b5 33. Rg4
Rb1 34. Kf2 g6 35. Rf4 Ke7 36. Rf6 b4 37. Rb6 b3 38. Kg3 Kd7 39. Kf4 Kc7 40. e6
fxe6 41. Rxe6 b2 42. Re2 Kc6 43. Ke5 Kc5 44. Kf6 Kd4 45. Kg7 Kd3 46. Rh2 Kc3 47.
Kxh7 Rg1 0-1

[Event "65th ch-RUS HL w 2015"]
[Site "Kaliningrad RUS"]
[Date "2015.06.22"]
[Round "1.11"]
[White "Pustovoitova, Daria"]
[Black "Chkhan, Viktoria"]
[Result "1-0"]
[WhiteTitle "FM"]
[WhiteElo "2351"]
[BlackElo "2148"]
[WhiteFideId "4182146"]
[BlackFideId "4123107"]
[EventDate "2015.06.22"]

1. Nf3 Nf6 2. c4 c5 3. g3 Nc6 4. Nc3 d5 5. cxd5 Nxd5 6. Bg2 Nc7 7. Qa4 Bd7 8.
Qf4 Ne6 9. Qe4 g6 10. h4 h5 11. Ne5 Nxe5 12. Qxe5 Bg7 13. Qd5 Rb8 14. O-O Qc7
15. Qb3 Nd4 16. Qd1 g5 17. e3 Nf5 18. Nd5 Qd6 19. e4 Nd4 20. hxg5 h4 21. d3 hxg3
22. Bf4 Be5 23. fxg3 Ne6 24. Bxe5 Qxe5 25. Qf3 Nxg5 26. Qf4 Qxf4 27. gxf4 Nh3+
28. Bxh3 Rxh3 29. Kg2 Be6 30. Nc7+ Kd7 31. Nxe6 1-0

[Event "65th ch-RUS HL w 2015"]
[Site "Kaliningrad RUS"]
[Date "2015.06.22"]
[Round "1.12"]
[White "Maltsevskaya, Aleksandra"]
[Black "Tomilova, Elena"]
[Result "1-0"]
[BlackTitle "WIM"]
[WhiteElo "2129"]
[BlackElo "2329"]
[WhiteFideId "24174041"]
[BlackFideId "4162340"]
[EventDate "2015.06.22"]

1. e4 c5 2. Nf3 d6 3. d4 cxd4 4. Nxd4 Nf6 5. Nc3 a6 6. Bg5 e6 7. f4 Qc7 8. Qf3
b5 9. O-O-O Nbd7 10. g4 Bb7 11. a3 Be7 12. Bxf6 Nxf6 13. g5 Nd7 14. f5 e5 15.
Nb3 Bxg5+ 16. Kb1 Rc8 17. Rg1 h6 18. Be2 Ke7 19. h4 Bxh4 20. Rxg7 Bg5 21. f6+
Bxf6 22. Rg2 Qb6 23. Qf5 Bc6 24. Bg4 Rc7 25. Qf3 Rf8 26. Rgd2 Bg5 27. Rxd6 Nf6
28. Qd3 Qb8 29. Na5 Nxg4 30. Rxc6 Rfc8 31. Rxc7+ Rxc7 32. Qd6+ Ke8 33. Nd5 Rc8
34. Qxa6 Nf2 35. Rf1 Nxe4 36. Nc6 Rxc6 37. Qxc6+ Kf8 38. Nb6 Nd2+ 39. Ka1 Kg7
40. Rf5 e4 41. Qd7 Bf6 42. Rxf6 Kxf6 43. Qxd2 Kg6 44. Qg2+ Kf5 45. Qh3+ Kg5 46.
Nd5 Qe5 47. Qg2+ Kh4 48. Ne3 f5 49. Qg6 Kh3 50. Nxf5 Qf4 51. Qh5+ Kg2 52. Qe2+
Kg1 53. Ne3 Qf3 54. Qe1+ Kh2 55. Kb1 h5 56. Kc1 Kh3 57. Kd2 h4 58. Qg1 b4 59.
Qf1+ Kg3 60. Nf5+ Kg4 61. Qxf3+ exf3 62. Nxh4 bxa3 63. bxa3 Kxh4 64. Ke1 Kg3 65.
Kf1 Kf4 66. a4 Ke4 67. a5 Kd5 68. c4+ 1-0

[Event "65th ch-RUS HL w 2015"]
[Site "Kaliningrad RUS"]
[Date "2015.06.23"]
[Round "2.1"]
[White "Ovod, Evgenija"]
[Black "Kovalevskaya, Ekaterina"]
[Result "1/2-1/2"]
[WhiteTitle "IM"]
[BlackTitle "IM"]
[WhiteElo "2313"]
[BlackElo "2461"]
[WhiteFideId "4131827"]
[BlackFideId "4116704"]
[EventDate "2015.06.22"]

1. d4 d5 2. c4 e6 3. Nc3 Nf6 4. Bg5 Be7 5. e3 Nbd7 6. Rc1 h6 7. Bh4 c6 8. Nf3
O-O 9. Bd3 dxc4 10. Bxc4 b5 11. Bd3 a6 12. e4 Nxe4 13. Bxe4 Bxh4 14. Bxc6 Rb8
15. O-O Be7 16. Qe2 Bb7 17. Bxb7 Rxb7 18. d5 exd5 19. Nxd5 Nf6 20. Nxe7+ Rxe7
21. Qc2 Rfe8 22. Rfe1 Rxe1+ 23. Rxe1 Rxe1+ 24. Nxe1 Qa5 25. Qb1 Qd2 26. Nf3 Qe2
27. Qc1 Ne4 28. Qc8+ Kh7 29. Qf5+ Kg8 30. Qc8+ Kh7 31. Qf5+ Kg8 32. Qc8+ 1/2-1/2

[Event "65th ch-RUS HL w 2015"]
[Site "Kaliningrad RUS"]
[Date "2015.06.23"]
[Round "2.2"]
[White "Mirzoeva, Elmira"]
[Black "Bodnaruk, Anastasia"]
[Result "0-1"]
[WhiteTitle "WGM"]
[BlackTitle "IM"]
[WhiteElo "2233"]
[BlackElo "2428"]
[WhiteFideId "4127951"]
[BlackFideId "4181751"]
[EventDate "2015.06.22"]

1. d4 Nf6 2. Nf3 e6 3. c4 Bb4+ 4. Nbd2 O-O 5. a3 Be7 6. e3 b6 7. Bd3 Bb7 8. O-O
c5 9. b3 d6 10. Bb2 Nbd7 11. Qe2 Re8 12. e4 cxd4 13. Nxd4 Bf8 14. Rfd1 Nc5 15.
Bc2 e5 16. Nb5 Ne6 17. Nf1 a6 18. Nc3 Nd4 19. Qd2 Rc8 20. Ne3 g6 21. Ncd5 Bxd5
22. exd5 Bg7 23. Rab1 Nd7 24. Bxd4 exd4 25. Nf1 Qh4 26. Ng3 Ne5 27. h3 b5 28.
Ne2 bxc4 29. Nxd4 c3 30. Qe2 Nc4 31. Qg4 Qxg4 32. hxg4 Nxa3 33. Rbc1 Bxd4 34.
Rxd4 Re2 35. Be4 Rb2 36. Ra4 Rxb3 37. Rxa6 Rc4 38. f3 c2 39. Rc6 Rxc6 40. dxc6
Rc3 41. Kf2 Kf8 42. Ke2 Rc5 43. Ke3 Ke7 44. Kd4 Kd8 45. f4 Kc7 46. g5 Kb6 47. g4
d5 48. Bd3 Kxc6 49. f5 Kd6 50. Be2 Rc8 51. Bd3 Rb8 52. Kc3 Rb1 53. Kd2 Ke5 54.
fxg6 hxg6 55. Rf1 Nc4+ 56. Bxc4 dxc4 57. Rc1 Rxc1 58. Kxc1 Kf4 0-1

[Event "65th ch-RUS HL w 2015"]
[Site "Kaliningrad RUS"]
[Date "2015.06.23"]
[Round "2.3"]
[White "Savina, Anastasia"]
[Black "Styazhkina, Anna"]
[Result "1-0"]
[WhiteTitle "IM"]
[BlackTitle "WIM"]
[WhiteElo "2422"]
[BlackElo "2214"]
[WhiteFideId "4196872"]
[BlackFideId "24119300"]
[EventDate "2015.06.22"]

1. d4 d5 2. c4 c6 3. Nf3 dxc4 4. e3 Be6 5. Nc3 Nf6 6. Be2 c5 7. O-O Nc6 8. dxc5
Qxd1 9. Rxd1 Bg4 10. e4 e5 11. Be3 Nd7 12. Na4 Nf6 13. h3 Bh5 14. Nc3 Nd7 15.
Nb5 O-O-O 16. Bxc4 Nxc5 17. Bd5 a6 18. Bxc6 Rxd1+ 19. Rxd1 bxc6 20. Nd6+ Bxd6
21. Rxd6 Bxf3 22. gxf3 Nd7 23. Rxc6+ Kb7 24. Rd6 Nb8 25. Rd5 f6 26. f4 Re8 27.
fxe5 Rxe5 28. Rxe5 fxe5 29. Kf1 Kc6 30. Ke2 Nd7 31. Kd3 Kb5 32. Kc3 g6 33. b3
Nf6 34. f3 Ne8 35. a4+ Kc6 36. b4 Nd6 37. Bc5 Nf7 38. Be3 Nd6 39. h4 Ne8 40. Bc5
Nc7 41. Kc4 h5 42. Be3 Ne6 43. b5+ axb5+ 44. axb5+ Kd6 45. b6 Kc6 46. b7 Kxb7
47. Kd5 Nf4+ 48. Bxf4 exf4 49. Ke5 1-0

[Event "65th ch-RUS HL w 2015"]
[Site "Kaliningrad RUS"]
[Date "2015.06.23"]
[Round "2.4"]
[White "Baraeva, Marina"]
[Black "Guseva, Marina"]
[Result "0-1"]
[WhiteTitle "WIM"]
[BlackTitle "IM"]
[WhiteElo "2182"]
[BlackElo "2410"]
[WhiteFideId "24142573"]
[BlackFideId "4149351"]
[EventDate "2015.06.22"]

1. d4 d5 2. Nf3 Nf6 3. c4 c6 4. Nc3 e6 5. Bg5 Nbd7 6. e3 Qa5 7. Nd2 Bb4 8. Qc2
O-O 9. Be2 c5 10. O-O cxd4 11. Nb3 Qd8 12. exd4 dxc4 13. Bxc4 Bxc3 14. bxc3 h6
15. Bh4 b6 16. Rac1 Bb7 17. f3 a6 18. a4 Bc6 19. Nd2 b5 20. axb5 axb5 21. Bd3
Qa5 22. Nb3 Qb6 23. Bf2 Nd5 24. Ra1 Rfc8 25. Rxa8 Rxa8 26. Rb1 Qd8 27. Qd2 Ra3
28. c4 bxc4 29. Bxc4 N7b6 30. Bd3 Qa8 31. Nc5 Ra2 32. Rb2 Ra1+ 33. Rb1 Ra3 34.
Rb3 Ra5 35. h4 Qa7 36. Rb1 Ra2 37. Rb2 Ra1+ 38. Rb1 Ra3 39. Rb3 Rxb3 40. Nxb3
Qa3 41. Nc5 Nb4 42. Bb1 N6d5 43. Kh2 Nc3 44. Bd3 Bb5 45. Bxb5 Nxb5 46. Qe2 Nc3
47. Qe5 Qa8 48. Qe1 Nbd5 49. Ne4 Nb5 50. Nc5 Nd6 51. Qe2 Qe8 52. Nd3 Qb5 53. Qc2
h5 54. Ne5 Qb8 55. Kh1 Nf5 56. Qd2 Qb5 57. Qc1 Nde7 58. Kh2 Qe2 59. Qg1 f6 60.
Nd7 Ng6 61. Kh3 Nf4+ 62. Kh2 Nd3 63. Bg3 Ne3 64. Kh3 Nf1 65. Nb6 f5 66. d5 f4 0-1

[Event "65th ch-RUS HL w 2015"]
[Site "Kaliningrad RUS"]
[Date "2015.06.23"]
[Round "2.5"]
[White "Kovanova, Baira"]
[Black "Maltsevskaya, Aleksandra"]
[Result "1-0"]
[WhiteTitle "WGM"]
[WhiteElo "2388"]
[BlackElo "2129"]
[WhiteFideId "4164083"]
[BlackFideId "24174041"]
[EventDate "2015.06.22"]

1. e4 c5 2. Nf3 e6 3. d4 cxd4 4. Nxd4 Nc6 5. Nc3 a6 6. g3 Nf6 7. Bg2 Qc7 8. O-O
Be7 9. Re1 d6 10. Nxc6 bxc6 11. e5 dxe5 12. Rxe5 Bb7 13. Re1 Rd8 14. Qf3 O-O 15.
Bf4 Qb6 16. Na4 Qa5 17. b3 Rd7 18. Qe2 Nd5 19. Bd2 Bb4 20. Bxb4 Qxb4 21. Rad1
Rfd8 22. Qc4 Qa5 23. Qc5 Qc7 24. Bf3 h6 25. c4 Nf6 26. Rxd7 Rxd7 27. Qa7 Bc8 28.
Qb6 Bb7 29. Qe3 Re7 30. Qa7 Bc8 31. Qc5 Bb7 32. Nb6 e5 33. Bg2 Kf8 34. Rd1 Ke8
35. a4 e4 36. a5 Re5 37. Qd4 Re7 38. c5 Re5 39. b4 Nd5 40. Nc4 Re6 41. Qxg7 e3
42. fxe3 Nxe3 43. Nd6+ Rxd6 44. Qg8+ Kd7 45. cxd6 1-0

[Event "65th ch-RUS HL w 2015"]
[Site "Kaliningrad RUS"]
[Date "2015.06.23"]
[Round "2.6"]
[White "Sukhareva, Evgeniya"]
[Black "Matveeva, Svetlana"]
[Result "1/2-1/2"]
[BlackTitle "IM"]
[WhiteElo "2177"]
[BlackElo "2366"]
[WhiteFideId "4167155"]
[BlackFideId "4119827"]
[EventDate "2015.06.22"]

1. d4 d5 2. Nf3 e6 3. c4 dxc4 4. e3 a6 5. Bxc4 c5 6. dxc5 Qxd1+ 7. Kxd1 Bxc5 8.
Ke2 b5 9. Bd3 Bb7 10. a4 b4 11. Nbd2 Nf6 12. b3 Nbd7 13. Bb2 Be7 14. Rhd1 Nc5
15. Bc4 O-O 16. g3 Nd5 17. Rac1 Nb6 18. Ne5 f6 19. Nd3 Nxc4 20. Rxc4 Nxd3 21.
Kxd3 Bd5 22. Rc2 Rfd8 23. Ke2 e5 24. e4 Be6 25. Rc7 Kf8 26. Rdc1 Rd7 27. Rc8+
Rxc8 28. Rxc8+ Kf7 29. Rc6 Ra7 30. Bc1 Bd7 31. Rc2 Ke6 32. Nf1 Bd6 33. Bd2 Ke7
34. Ne3 Be6 35. Nd5+ Kd7 36. Kd3 Rb7 37. f3 Rb8 38. Rc4 Rb7 39. Be3 f5 40. Rc2
Rb8 41. Ba7 Rb7 42. Be3 Rb8 1/2-1/2

[Event "65th ch-RUS HL w 2015"]
[Site "Kaliningrad RUS"]
[Date "2015.06.23"]
[Round "2.7"]
[White "Bivol, Alina"]
[Black "Protopopova, Anastasiya"]
[Result "1-0"]
[WhiteTitle "WIM"]
[BlackTitle "WFM"]
[WhiteElo "2354"]
[BlackElo "2100"]
[WhiteFideId "4100123"]
[BlackFideId "24172073"]
[EventDate "2015.06.22"]

1. Nf3 Nf6 2. c4 e6 3. g3 d5 4. Bg2 c6 5. O-O Be7 6. d4 O-O 7. b3 b6 8. Bb2 Bb7
9. Nbd2 Nbd7 10. Qc2 c5 11. cxd5 exd5 12. Rac1 Rc8 13. Qf5 Ba6 14. Rfe1 c4 15.
bxc4 dxc4 16. e4 b5 17. a3 Nb6 18. d5 Nfd7 19. Qg4 g6 20. e5 Nxd5 21. e6 N7f6
22. exf7+ Rxf7 23. Qe6 Qb6 24. Ng5 Qxe6 25. Rxe6 Nb6 26. Nxf7 Kxf7 27. Bh3 Rd8
28. Nf3 Nfd5 29. Ne5+ Kf8 30. Nc6 Rd6 31. Nxe7 Rxe6 32. Nxd5 1-0

[Event "65th ch-RUS HL w 2015"]
[Site "Kaliningrad RUS"]
[Date "2015.06.23"]
[Round "2.8"]
[White "Korchenkova, Irina"]
[Black "Pustovoitova, Daria"]
[Result "0-1"]
[WhiteTitle "WFM"]
[BlackTitle "FM"]
[WhiteElo "2111"]
[BlackElo "2351"]
[WhiteFideId "24116319"]
[BlackFideId "4182146"]
[EventDate "2015.06.22"]

1. e4 c5 2. Nf3 e6 3. d4 cxd4 4. Nxd4 Nc6 5. Nc3 Qc7 6. Be3 a6 7. a4 Nf6 8. Bd3
Ne5 9. h3 Bb4 10. O-O Bxc3 11. bxc3 d5 12. Bf4 dxe4 13. Re1 Nd5 14. Bxe5 Qxe5
15. Rxe4 Qc7 16. Ne2 O-O 17. Rc4 Qe7 18. Nf4 Nxf4 19. Rxf4 e5 20. Rb4 f5 21.
Bc4+ Kh8 22. Bd5 Rd8 23. Rab1 Rb8 24. Rb6 Qd7 25. c4 Qxa4 26. Qe1 e4 27. Qc3 Qe8
28. Qg3 Ra8 29. Qh4 Rd7 30. Qg5 Qf8 31. h4 a5 32. Qc1 a4 33. Ra1 Rd6 34. Qa3 Rf6
35. Rxf6 Qxa3 36. Rxa3 gxf6 37. Kh2 Kg7 38. Kg3 Kf8 39. Kf4 Ke7 40. h5 Kd6 41.
Bg8 h6 42. Bh7 Ra5 43. c3 Bd7 44. Bg8 Kc5 45. Bf7 Ra6 46. Bg6 Kxc4 47. Bxf5 Bxf5
48. Kxf5 Kd3 0-1

[Event "65th ch-RUS HL w 2015"]
[Site "Kaliningrad RUS"]
[Date "2015.06.23"]
[Round "2.9"]
[White "Mukhtarova, Viktoriya"]
[Black "Gritsayeva, Oksana"]
[Result "0-1"]
[BlackTitle "WFM"]
[WhiteElo "1835"]
[BlackElo "2321"]
[WhiteFideId "14132060"]
[BlackFideId "14104652"]
[EventDate "2015.06.22"]

1. Nf3 g6 2. g3 Bg7 3. Bg2 e5 4. d3 d5 5. O-O Ne7 6. c4 O-O 7. cxd5 Nxd5 8. Qb3
Nb6 9. Nc3 h6 10. Be3 Nc6 11. Bc5 Re8 12. Nd2 Nd4 13. Qd1 c6 14. Nc4 Nxc4 15.
dxc4 Bg4 16. Re1 Qa5 17. Ba3 Rad8 18. Qc1 Bf5 19. Be4 Bxe4 20. Nxe4 Qc7 21. c5
f5 22. Nd6 Rf8 23. Kg2 Kh7 24. e3 Nb5 25. Bb4 f4 26. exf4 exf4 27. Nxb5 cxb5 28.
c6 Rf7 29. Re6 fxg3 30. hxg3 a5 31. Bd2 Rxf2+ 32. Kxf2 Qf7+ 33. Bf4 Qxe6 34. c7
Bd4+ 35. Kg2 Qe2+ 36. Kh1 Rd5 37. g4 Qf3+ 38. Kh2 Qxg4 39. Bg3 Rh5+ 40. Kg2 Qe4+
41. Kf1 Rh1# 0-1

[Event "65th ch-RUS HL w 2015"]
[Site "Kaliningrad RUS"]
[Date "2015.06.23"]
[Round "2.10"]
[White "Kashlinskaya, Alina"]
[Black "Ustich, Ekaterina"]
[Result "1-0"]
[WhiteTitle "IM"]
[WhiteElo "2432"]
[BlackElo "2009"]
[WhiteFideId "4198026"]
[BlackFideId "24179221"]
[EventDate "2015.06.22"]

1. d4 Nf6 2. c4 e6 3. Nc3 Bb4 4. e3 b6 5. Ne2 Ba6 6. a3 Bxc3+ 7. Nxc3 d5 8. b3
Nc6 9. Be2 dxc4 10. bxc4 Na5 11. O-O O-O 12. Qa4 Qd7 13. Qxd7 Nxd7 14. Nb5 Rfc8
15. Rb1 Nf6 16. Bd2 Nb7 17. Bf3 c6 18. a4 Ne8 19. Bb4 Nd8 20. Na3 Rab8 21. Rfc1
c5 22. dxc5 bxc5 23. Bc3 Rxb1 24. Rxb1 Nd6 25. Rd1 N8b7 26. Nb5 Nxc4 27. Nc7 Nb6
28. Nxa6 Nxa4 29. Bxb7 Nxc3 30. Rd3 Ne2+ 31. Kf1 c4 32. Rd7 1-0